00737nam a2200241 a 4500001001300000003000900013005001700022008004100039020001000080082001600090100002100106245006900127260004400196300000900240500003500249505001500284650001600299700002100315902000800336942000700344952012900351999001500480nice12345678IN_TiNIC20260116012337.0050524s1991 dela grp 000 0 eng  ac19500a340.59bJAF aJaffur Shureef,  aQanoon-I-Islam; Or the Customs of the Mussulmans of India Vol.Ii aDelhibAsian Educational Servicesc1991 a296p aincludes index and biblioraphy2 aReferences aIslamic-Law1 aJaffur Shureef,  bSRS cBK 001040708StackRoom-aHMIbHMId2010-05-31g195.00l1o340.59 JAFp014249r2016-10-03s2016-09-22v195.00w2005-05-24yBK c6642d6642